[Event "ROM-GER Kings"]
[Site "Medias"]
[Date "2015.11.01"]
[Round "3.2"]
[White "Parligras, Mircea Emilian"]
[Black "Bluebaum, Matthias"]
[Result "1-0"]
[WhiteElo "2586"]
[BlackElo "2588"]
[Annotator "Bulmaga,I"]
[PlyCount "41"]
[EventDate "2015.10.30"]
[EventType "schev"]
[EventRounds "5"]
[EventCountry "ROU"]
[SourceTitle "CBM 169"]
[Source "ChessBase"]
[SourceDate "2015.11.10"]
[SourceVersion "1"]
[SourceVersionDate "2015.11.10"]
[SourceQuality "1"]
[WhiteTeam "Romania"]
[BlackTeam "Germany"]
[WhiteTeamCountry "ROU"]
[BlackTeamCountry "GER"]
[TimeControl "40/5400+30:1800+30"]

1. e4 {In Runde zwei hat GM Lupulescu seinen Gegner mit 1.e4 überrascht,
jetzt macht GM Parligras das Gleiche.} e6 2. d4 d5 3. Nc3 Bb4 {Blübaum
entscheidet sich, die Überraschung 1.e4 seinerseits mit einer Überraschung
zu beantworten und mit 3...Bb4 eine Variante zu spielen, die er jahrelang
nicht angewandt hat. In dieser Stellung spielt Blübaum normalerweise 3...Sf6.}
4. e5 Ne7 5. a3 Bxc3+ 6. bxc3 c5 7. h4 (7. Qg4 {Führt zur scharfen,
theoretisch gründlich untersuchten Hauptvariante.}) 7... Qa5 8. Bd2 Qa4 9. Nf3
b6 10. dxc5 bxc5 (10... Ba6 {Schwarz sollte versuchen, die weißfeldrigen
Läufer abzutauschen, denn ohne diese Läufer hat Weiß Schwierigkeiten,
Angriff zu entwickeln.} 11. h5 Bxf1 12. Kxf1 Qc4+ $13) 11. h5 h6 (11... Ba6 12.
h6 Bxf1 13. Kxf1 g6 $13) (11... Nf5 12. h6 gxh6 13. Bxh6 Qe4+ 14. Be2 Nxh6 15.
Rxh6 Ba6 16. Kf1 Bxe2+ 17. Qxe2 Qxe2+ 18. Kxe2 $14 {und die Schwäche auf h7
sichert Weiß leichten Vorteil.}) 12. Rh4 Qc6 13. Rg4 Nf5 14. Bd3 {[#]} O-O $4
{Eine sehr natürliche Fortsetzung, die jedoch brillant widerlegt wird!} (14...
Ba6 $5 15. Bxf5 exf5 16. Rxg7 Qa4) (14... Kf8 15. c4 {mit Vorteil für Weiß.})
15. Qc1 $1 Kh8 16. Rxg7 $3 {[#]} Nxg7 (16... Kxg7 17. Bxh6+ Nxh6 18. Qg5+ Kh8
19. Qxh6+ Kg8 20. Qh7#) 17. Bxh6 Rg8 (17... f5 18. exf6 Rxf6 19. Bxg7+ Kxg7 20.
Qg5+ Kf7 21. Ne5+ $18) 18. Bg5 Nxh5 19. Bf6+ Rg7 20. Qh6+ Kg8 21. Qxh5 1-0

[Event "Olympiad-23"]
[Site "Buenos Aires"]
[Date "1978.10.28"]
[Round "4"]
[White "Diez del Corral, Jesus"]
[Black "Portisch, Lajos"]
[Result "1-0"]
[WhiteElo "2360"]
[BlackElo "2630"]
[Annotator "Byrne/Mednis"]
[PlyCount "61"]
[EventDate "1978.10.25"]
[EventType "team-swiss"]
[EventRounds "14"]
[EventCountry "ARG"]
[SourceTitle "EXT 2002"]
[Source "ChessBase"]
[SourceDate "2001.11.25"]
[SourceVersion "1"]
[SourceVersionDate "2001.11.25"]
[SourceQuality "1"]
[WhiteTeam "Spain"]
[BlackTeam "Hungary"]
[WhiteTeamCountry "ESP"]
[BlackTeamCountry "HUN"]

{Inf.26/247} 1. e4 e6 2. d4 d5 3. Nc3 Bb4 4. e5 c5 5. a3 Bxc3+ 6. bxc3 Qc7 7.
Qg4 f5 8. Qg3 cxd4 9. cxd4 Ne7 10. Bd2 (10. Qxg7 $2 Rg8 11. Qh6 Qc3+) 10... O-O
11. Bd3 b6 12. Ne2 $1 Ba6 13. Bb4 $1 (13. Qf3 Qd7 14. O-O Bxd3 15. cxd3 Nbc6
16. Be3 Kh8 17. Rac1 $14 {Mednis-Foldi 1958}) 13... Bxd3 $6 (13... Rf7) 14.
cxd3 $1 (14. Nf4 $2 Qxc2) 14... Nbc6 15. Bd6 Qd7 16. O-O Rfc8 $10 17. h4 Ng6 $6
(17... Kh8 $142 $5 18. h5 Ng8 {(Pachman)}) (17... h6 $142 18. h5 Kh7) (17...
Qe8 $142 $1 18. Nf4 Ng6 $1 $10) 18. h5 Nh8 19. h6 g6 20. Nf4 $1 $16 Nxd4 (20...
Nf7 $2 21. Nxg6 $1 $18) 21. Ra2 Qb7 $6 (21... Qa4 $1) (21... Nb5 22. Nh5) (
21... Nf7 $2 22. Nxg6 $1 $18) (21... Rf8 $5) 22. a4 $1 Rc6 23. Qe3 Nc2 24. Rxc2
$1 Rxc2 25. Nxe6 Nf7 26. Nd4 Ra2 $6 (26... Nxd6 $142 $16) 27. Nxf5 $1 $18 Nxd6
(27... gxf5 $4 28. Qg3+ Ng5 29. Qxg5+ Kh8 30. e6 (30. Be7) 30... Rg8 31. Be5+
$18 {(Borik 79)}) 28. exd6 $1 gxf5 (28... Qf7 29. Ne7+ Kf8 30. Qe5) 29. Qg5+
Kf8 (29... Kh8 30. Re1 Qf7 (30... Rg8 $4 31. Qf6+) 31. d7 $1 Qxd7 (31... Qf8
32. Re8 $1 Rxe8 33. dxe8=Q Qxe8 34. Qg7#) 32. Qf6+ Kg8 33. Re7) 30. Re1 Qf7 31.
Re7 (31. Re7 Qg6 32. Qxg6 hxg6 33. h7) 1-0

[Event "Dilijan FIDE GP (Women)"]
[Site "Dilijan"]
[Date "2013.06.28"]
[Round "11"]
[White "Muzychuk, Anna"]
[Black "Danielian, Elina"]
[Result "1/2-1/2"]
[WhiteElo "2593"]
[BlackElo "2475"]
[Annotator "CB"]
[PlyCount "85"]
[EventDate "2013.06.16"]
[EventType "tourn"]
[EventRounds "11"]
[EventCountry "ARM"]
[EventCategory "11"]
[SourceTitle "CBM 155"]
[Source "ChessBase"]
[SourceDate "2013.07.16"]
[SourceVersion "1"]
[SourceVersionDate "2013.07.16"]
[SourceQuality "1"]

1. e4 e6 2. d4 d5 3. Nc3 Bb4 {Elina Danielian chose the Winawer Variation of
the French Defense against Anna Muzychuk. Black made some inaccuracies in the
opening and her rook was forced to leave the g-file and go to h8.} 4. e5 c5 5.
a3 Bxc3+ 6. bxc3 Ne7 7. Qg4 Qc7 8. Qxg7 Rg8 9. Qxh7 cxd4 10. Ne2 Nbc6 11. f4
dxc3 12. h4 Bd7 13. h5 d4 14. h6 O-O-O 15. Qd3 a6 16. h7 Rh8 17. Rb1 Be8 18. g4
f6 19. exf6 Bg6 20. fxe7 $2 (20. f5 $1 Nxf5 21. gxf5 Bxf5 22. Bf4 {was winning.
}) 20... Bxd3 21. exd8=Q+ Kxd8 22. cxd3 Rxh7 {and Black has at least equal
chances.} 23. Bg2 Rxh1+ 24. Bxh1 Qh7 25. Be4 Qh4+ 26. Kf1 Qh3+ 27. Kf2 Qh2+ 28.
Bg2 Qh7 29. Rb6 Qxd3 30. Rxb7 Qc2 31. Bxc6 d3 32. Rd7+ Kc8 33. Rxd3 Qxd3 34.
Bf3 c2 35. f5 exf5 36. g5 Qd6 37. Nf4 Qd4+ 38. Kg2 Qd1 39. Ne2 Qd6 40. Nf4 Qd1
41. Ne2 Qd6 42. Nf4 Qd1 43. Ne2 1/2-1/2

[Event "RUS-Cup2"]
[Site "Moscow"]
[Date "1996.??.??"]
[Round "9"]
[White "Khachiyan, Melikset"]
[Black "Rychagov, Andrey"]
[Result "1-0"]
[WhiteElo "2480"]
[BlackElo "2375"]
[Annotator "Chekhov,V"]
[PlyCount "63"]
[EventDate "1996.11.28"]
[EventType "swiss"]
[EventRounds "9"]
[EventCountry "RUS"]
[SourceTitle "CBM 056 Extra"]
[Source "ChessBase"]
[SourceDate "1997.03.01"]
[SourceVersion "1"]
[SourceVersionDate "1997.03.01"]
[SourceQuality "1"]

1. e4 e6 2. d4 d5 3. Nc3 Bb4 4. e5 c5 5. a3 Bxc3+ 6. bxc3 Ne7 7. Qg4 O-O 8. Bd3
f5 9. exf6 Rxf6 10. Bg5 Rf7 11. Qh5 g6 12. Qd1 Nbc6 13. Nf3 Qf8 (13... Qc7 14.
O-O e5 15. Nxe5 Nxe5 16. dxe5 Qxe5 17. Qd2 Bd7 18. Rfe1 Qd6 19. Bc4 Bc6 20.
Bxe7 Rxe7 21. Rxe7 Qxe7 22. Bxd5+ $16 {Oll,L-Bruynlles/Antwerpen/1993/1|0/44/})
(13... Qd6 14. O-O c4 15. Be2 Nf5 16. Qd2 Ng7 17. g3 Qf8 18. Bf4 $16 {Vogt,
L-Hansen,L/Altensteig/1993/1|0/55/}) 14. O-O c4 15. Be2 h6 16. Bd2 (16. Bh4 Nf5
17. Bg3 g5 18. Qd2 Bd7 19. h4 Qe7 20. hxg5 Nxg3 21. fxg3 hxg5 22. Qe3 $14 {
Timman,J-Yusupov,A/Novgorod/1995/0,5/35/}) (16. Bc1 Bd7 17. a4 Be8 18. Qd2 g5
19. Ba3 Rd8 20. Rae1 Qg7 21. Bd1 Rf6 $132 {Howell,J-Edelman,D/New York/1990/
0|1/44/}) 16... Nf5 17. Qc1 g5 18. Ne5 Nxe5 19. dxe5 Qc5 (19... Qg7 $22 20. f4
(20. g4 Qxe5 21. gxf5 (21. Re1 Nh4 $19) 21... Qxe2 $17) 20... g4 $132) 20. g4
Ne7 (20... Nh4 $2 21. Bxg5 hxg5 22. Qxg5+ $18) 21. Be3 Qa5 22. f4 (22. Qd2 Ng6
23. f4 gxf4 24. Bxf4 Nxf4 25. Rxf4 Rxf4 $2 (25... Qc5+ 26. Kg2 Rxf4 27. Qxf4
Qf8 28. Qd4 Bd7 29. Rf1 Qg7 30. Rf6 b6 $22 31. Qf4 Rf8 32. Qxh6 Qxh6 33. Rxh6
Kg7 34. Rh3 Ba4 35. Bd1 Rf4 $44) 26. Qxf4 Qxc3 27. Rf1 $18) 22... Qxc3 23. fxg5
Rxf1+ 24. Bxf1 Ng6 25. gxh6 Bd7 (25... Nxe5 26. Bf2 Nf7 27. g5 $16) 26. Rb1 Bc6
27. Qd2 Qxd2 28. Bxd2 Nxe5 29. Bg2 d4 (29... Nxg4 30. Bh3 $1 Ne5 31. Bxe6+ Kh7
32. Bf5+ Ng6 (32... Kg8 33. h7+ Kg7 34. Bc3 $18) 33. Re1 $18) 30. Re1 Bxg2 (
30... Nxg4 31. Bxc6 bxc6 32. Rxe6 Kh7 33. Re7+ Kh8 34. Re4 Rg8 35. Rxd4 Nxh6+
36. Kf2 $16) 31. Rxe5 Bh3 $2 (31... Bd5 32. Rg5+ (32. h4 Rf8 33. g5 c3 34. Bc1
Bc4 35. Re1 Rf3 $13) 32... Kh8 33. Bf4 Rf8 (33... d3 34. cxd3 cxd3 35. Kf2 $16)
34. Be5+ Kh7 35. Bxd4 Kxh6 36. Rh5+ Kg6 37. Bxa7 Rf4 38. h3 Rf3 $146) 32. Rh5 (
32. Rh5 Bxg4 33. Rg5+ $18) 1-0

[Event "ARM-ch"]
[Site "Yerevan"]
[Date "1995.??.??"]
[Round "3"]
[White "Khachiyan, Melikset"]
[Black "Lputian, Smbat G"]
[Result "1/2-1/2"]
[WhiteElo "2420"]
[BlackElo "2585"]
[Annotator "Chekhov,V"]
[PlyCount "111"]
[EventDate "1995.08.??"]
[EventType "tourn"]
[EventRounds "11"]
[EventCountry "ARM"]
[EventCategory "10"]
[SourceTitle "CBM 050"]
[Source "ChessBase"]
[SourceDate "1996.02.01"]
[SourceVersion "1"]
[SourceVersionDate "1996.02.01"]
[SourceQuality "1"]

1. e4 e6 2. d4 d5 3. Nc3 Bb4 4. e5 c5 5. a3 Bxc3+ 6. bxc3 Qc7 7. Qg4 Kf8 $5 (
7... f6) (7... f5 $5) 8. Kd1 (8. Ra2 Nc6 9. Nf3 Nge7 10. Be2 Bd7 11. O-O Nf5
12. Bg5 h5 13. Qf4 Nce7 14. Nh4 Ba4 15. Nxf5 Nxf5 16. Qd2 Kg8 17. Rb1 $14 {
Lasker,E-Platz,J/New York/1940/0,5/37/}) 8... b6 $5 {/N/} (8... Nc6 9. Nf3 Bd7
10. a4 Nge7 11. Ba3 Qa5 12. Bxc5 Qxc3 13. Rb1 b6 14. Bd6 Kg8 15. Bd3 Nf5 16.
Bxf5 exf5 17. Qf4 Rc8 $10 {Lasker,E-Platz,J/New York/1940/0,5/19/}) 9. h4 $5 (
9. a4 $5 Ba6 10. Bb5 Ne7 11. Qe2 $5 (11. Ne2 $5) 11... Bb7 12. a5 cxd4 13. cxd4
Qc3 14. Ra4 a6 15. Bd2 Qb2 16. Bd3 b5 17. Bc1 Qc3 18. Bd2 Qb2 $10) 9... Ba6 10.
Bxa6 Nxa6 11. h5 $6 (11. Qe2 $5 Qb7 12. h5 h6 13. Nf3 Ne7 14. a4 $14) 11...
cxd4 12. cxd4 (12. h6 $6 Nxh6 (12... Qxe5 $2 13. Bf4 Qf6 14. hxg7+ Qxg7 15.
Bd6+ Ne7 16. Bxe7+ $18) (12... g6 13. cxd4 Rc8 14. Qe2 $2 (14. Ne2 Qxc2+ 15.
Ke1 $13) 14... Qc3 $1 15. Qxa6 Qxd4+ 16. Ke1 Rxc2 17. Rb1 Qe4+ $1 (17... Qxf2+
18. Kd1 Qxg2 19. Ne2 Rxe2 20. Qc8+) 18. Kd1 (18. Ne2 Rxe2+ 19. Qxe2 Qxb1) (18.
Kf1 Rc4 19. Qb5 Qd3+ 20. Ne2 Rxc1+ 21. Rxc1 Qxb5 $19) 18... Rc4 19. Qb5 Qxg2
20. Qd7 Rd4+ 21. Ke2 (21. Kc2 Qxf2+ 22. Kb3 Rd3+ 23. Ka4 (23. Kb4 Qc5+ 24. Ka4
Qa5#) 23... Qc2+ 24. Kb5 Qc4#) 21... Qe4+ 22. Be3 Qd3+ 23. Kf3 Qf5+ 24. Ke2
Qd3+ $10) 13. Bxh6 gxh6 14. cxd4 Rg8 15. Qf3 Rg6 16. Ne2 Qc4 $13) 12... Rc8 13.
Ne2 $8 (13. Qe2 $2 Qc3 14. Qxa6 Qxd4+ 15. Ke1 Rxc2 16. Rb1 Qe4+ (16... Qxf2+
17. Kd1 Qxg2 18. Ne2 Rxc1+ (18... Rxe2 19. Qc8+) 19. Rxc1 Qxh1+ 20. Kd2) 17.
Kf1 (17. Ne2 Rxe2+ 18. Qxe2 Qxb1) (17. Kd1 Rc4 18. Qb5 (18. Rb2 Qd3+ 19. Bd2
Rc1+ 20. Kxc1 Qxa6 $19) 18... Qxg2 19. Qd7 Rd4+ $5 (19... Qf1+ 20. Kd2 Rd4+ 21.
Kc3 Qc4+ 22. Kb2) (19... f5 $5) 20. Ke2 (20. Ke1 Qe4+ $19) (20. Bd2 Qf1+ 21.
Kc2 Qd3+ $19) 20... Qe4+ 21. Be3 Qd3+ 22. Kf3 Qf5+ 23. Ke2 Qd3+ $10) 17... Rc4
18. Qb5 Qd3+ 19. Ne2 Rxc1+ 20. Rxc1 Qxb5 $19) 13... Qxc2+ 14. Ke1 h6 15. Rh3
Qe4 (15... Ne7 $5 16. Bd2 Qe4) 16. Qxe4 dxe4 17. Rc3 $1 Rxc3 18. Nxc3 f5 19. a4
(19. Nb5 $6 Ne7 20. Nxa7 Kf7 21. Bd2 Nc7 22. Rb1 Ra8 23. Nb5 Nxb5 24. Rxb5 Nd5
$17) 19... Ne7 20. Ba3 (20. a5 Nb4 21. Ke2 bxa5 22. Rxa5 Nbc6 23. Ra4 Kf7 $19)
20... Kf7 21. Nb5 Ra8 22. Rc1 Nd5 $15 23. Rc6 (23. g3 $5) 23... Nab4 24. Bxb4
Nxb4 25. Rc7+ Kg8 26. Nxa7 Nd5 27. Rb7 $6 (27. Rc8+ $1 Rxc8 28. Nxc8 Kf8 $6 (
28... g5 $5 29. hxg6 Kg7 30. Kd2 Kxg6 31. g3 h5 $15) 29. g3 Ke8 30. Kd2 Kd7 31.
Nd6 $10) 27... f4 28. Kf1 e3 29. fxe3 fxe3 30. Nc6 (30. Ke2 $2 Rf8 31. Nc6 Rf2+
32. Ke1 Nf4 $19) 30... Rf8+ (30... Rxa4 31. Ne7+ Kh7 32. Nxd5 exd5 33. Ke2 (33.
Rxb6 $5 Rxd4 34. Rd6 Kg8 (34... Rd2 35. e6 d4 36. e7 d3 37. Rxd3) 35. Ke2 Rd2+
36. Kxe3 Rxg2 37. Rxd5 Rg5 38. Ke4 Rxh5 39. Rd8+ Kf7 40. Rd7+ Kf8 41. Kd5)
33... Rxd4 34. Kxe3 Re4+ 35. Kf3 Rxe5 36. g4 Re6 37. Rd7 b5 38. Rxd5 Rb6 39.
Ke2 b4 40. Kd2 b3 41. Kc1 Rb4 42. g5 hxg5 43. Rxg5 Rb7 44. Kb2 Kh6 45. Rd5 Rb4
46. Re5 Rh4 47. Kxb3 Rxh5 48. Re6+ g6 49. Kc4) 31. Ke1 Nf4 32. Rb8 Nxg2+ (32...
Nxh5 $2 33. Ne7+ Kf7 34. Rxf8+ Kxf8 35. Nc8 Ke8 36. Nxb6 Kd8 37. Nc4) 33. Ke2
Rxb8 34. Nxb8 Kf7 35. Kf3 Nf4 36. Kxe3 Nd5+ 37. Kd3 g6 38. hxg6+ Kxg6 39. Ke4
Kf7 $6 (39... Nc3+ 40. Kd3 Nxa4 41. d5 exd5 42. Kd4 h5 43. Kxd5 Nc3+ 44. Kd4 h4
45. Ke3 Kf5 46. Nc6 b5 47. Kf3) (39... h5 $5 40. Kf3 Kf5 41. Nd7 (41. Nc6 h4
$19) 41... h4 $19) 40. Nc6 Ke8 (40... Nc3+ 41. Kd3 Nxa4 42. d5 exd5 43. Kd4 Ke6
44. Nb4 Nc5 45. Nxd5 Nb3+ 46. Ke4 Nd2+ 47. Kd4 Nf3+ 48. Ke4 Ng5+ 49. Kd4) 41.
Na7 (41. a5 $4 Kd7 $1) 41... Nc3+ 42. Kd3 Nxa4 43. d5 Nc5+ 44. Kd4 h5 45. dxe6
Nxe6+ 46. Ke4 Kd7 47. Kf5 Ng7+ 48. Kg5 Kc7 $6 (48... Ke6 49. Kf4 (49. Nc6 Kd5
50. Kg6 Ne8 51. Ne7+ Ke6 52. Nc8 h4 $19) 49... Kd5 50. Nb5 Kc5 51. Nc7 Kc6 (
51... b5 52. Kg5 Kc6 (52... b4 53. Na6+ Kc4 54. Nxb4 Kxb4 55. Kg6 $10) 53. Nxb5
Kxb5 54. Kg6 $10) 52. Na6 b5 53. Kg5 Kb6 (53... Kd5 54. Nc7+ Kc6 55. Nxb5 Kxb5
56. Kg6 $10) 54. Nb4 Kc5 55. Na6+ (55. Na2 $1 Kd4 (55... Kd5 56. Nc3+ Kc4 57.
Nxb5 Kxb5 58. Kg6 $10) 56. e6 Nxe6+ 57. Kxh5 Kc4 58. Kg4 Kb3 59. Nc1+ Kb2 60.
Nd3+ Kc3 61. Nc1 Nc5 62. Kf3 Nd3 63. Ne2+ $10) 55... Kd4 56. e6 Nxe6+ 57. Kxh5
Kc4 58. Kg4 Nc5 59. Nb8 Kd5 $19) 49. Kg6 Ne6 $6 (49... Kd7 $5 50. Kxg7 Ke6 51.
Nc6 b5 52. Kg6 h4 53. Nd4+ Kxe5 54. Nf3+ Ke4 55. Nxh4 b4 56. Nf5 b3 57. Nd6+
Kd3 58. Nb5 b2 59. Na3 $10) 50. Kxh5 Nd4 51. Kg4 Kb7 52. e6 Nxe6 53. Nb5 Kc6
54. Nc3 Nc7 55. Kf3 Nd5 56. Ne4 (56. Nxd5 $4 Kxd5 $19) 1/2-1/2

[Event "Interzonal-13c"]
[Site "Biel"]
[Date "1985.07.03"]
[Round "2"]
[White "Short, Nigel D"]
[Black "Vaganian, Rafael A"]
[Result "0-1"]
[WhiteElo "2575"]
[BlackElo "2625"]
[Annotator "ChessBase"]
[PlyCount "104"]
[EventDate "1985.07.02"]
[EventType "tourn"]
[EventRounds "17"]
[EventCountry "SUI"]
[EventCategory "12"]
[SourceTitle "IZT"]
[Source "ChessBase"]
[SourceDate "1999.07.01"]
[SourceVersion "1"]
[SourceVersionDate "1999.07.01"]
[SourceQuality "1"]

1. d4 e6 2. e4 d5 3. Nc3 Bb4 4. e5 c5 5. a3 Ba5 6. b4 cxd4 7. Nb5 Bc7 8. f4 Bd7
9. Nf3 Ne7 10. Bb2 $6 Bxb5 11. Bxb5+ Nbc6 12. Bd3 (12. Bxd4 $142 Bb6 13. c3 $10
{Suetin}) 12... Bb6 13. O-O a6 14. Kh1 h6 15. Qd2 O-O 16. a4 Qc7 17. b5 axb5
18. axb5 Na5 19. Bxd4 Nc4 20. Qb4 $6 (20. Qf2 $10) 20... Ng6 $1 21. g3 Rfc8 22.
Rfc1 Ba5 $1 23. Qb3 Nf8 24. c3 Nd7 25. Ra2 Nc5 26. Bxc5 Qxc5 27. Nd4 Bb6 28.
Qb1 Ne3 29. Re2 Qa3 30. Nb3 Rc7 31. h3 h5 32. Kh2 h4 33. gxh4 Rac8 34. Qa2 Qxa2
35. Rxa2 g6 36. Nd2 Rxc3 37. Rxc3 Rxc3 38. Be2 Nf5 39. h5 Be3 40. hxg6 Bxf4+
41. Kg1 Rg3+ 42. Kf2 Be3+ 43. Ke1 Rxg6 44. Bg4 Nd4 45. b6 Nc6 46. Nf3 Bxb6 47.
Rb2 Ba5+ 48. Ke2 Bc3 49. Rxb7 Nxe5 50. Nxe5 Bxe5 51. Bh5 Rf6 52. Bf3 Rf4 0-1

[Event "Linares-05"]
[Site "Linares"]
[Date "1985.03.11"]
[Round "3"]
[White "Ljubojevic, Ljubomir"]
[Black "Kortschnoj, Viktor Lvovich"]
[Result "1-0"]
[WhiteElo "2595"]
[BlackElo "2630"]
[Annotator "ChessBase"]
[PlyCount "81"]
[EventDate "1985.03.08"]
[EventType "tourn"]
[EventRounds "11"]
[EventCountry "ESP"]
[EventCategory "14"]
[SourceTitle "MCL"]
[Source "ChessBase"]
[SourceDate "1999.07.01"]
[SourceVersion "1"]
[SourceVersionDate "1999.07.01"]
[SourceQuality "1"]

1. e4 e6 2. d4 d5 3. Nc3 Bb4 4. e5 c5 5. a3 Bxc3+ 6. bxc3 Ne7 7. Qg4 O-O 8. Nf3
Nbc6 9. Bd3 f5 10. exf6 Rxf6 11. Bg5 Rf7 12. Qh5 g6 (12... h6 13. Bh7+ $1 Kxh7
(13... Kf8 14. Bg6) 14. Qxf7 hxg5 15. g4 $1 (15. Nxg5+ Kh6 16. Nxe6) 15... Ng6
16. h4 gxh4 17. Nxh4 Nxh4 18. Qh5+ Kg8 19. Rxh4 {/\ 20.g5 ->}) 13. Qh4 c4 14.
Be2 Qa5 15. Bd2 Nf5 16. Qg5 Bd7 17. g4 (17. h4 h6 $1 18. Qg4 e5) (17. O-O)
17... Nd6 18. h4 Ne4 19. Qe3 Raf8 $6 (19... e5 $1 $132 20. dxe5 (20. Ng5 Nxg5
21. Qxg5 exd4 (21... Re8 22. h5) (21... Raf8) 22. cxd4 c3 23. Be3) 20... Re8 (
20... Bxg4 21. Ng5 $1) 21. h5 g5 $1 22. h6 Nxe5 (22... Kf8 $1 23. Rb1 Nxe5 24.
Nxe5 Rxe5 25. f3 Nxd2 26. Qxe5 Nxf3+ 27. Bxf3 Re7) 23. Nxe5 Rxe5 24. f3 d4 25.
cxd4 Nxd2 26. dxe5 $1 (26. Qxe5 Nxf3+) (26. Qxd2 c3) 26... Nxf3+ 27. Kd1) 20.
h5 $1 $36 gxh5 21. Rxh5 Rg7 22. Ng5 $1 $36 {[#]} Be8 $6 (22... Nxg5) (22...
Nxd2 23. Kxd2 (23. Qxd2 $142) 23... e5 $1 24. dxe5 d4 25. Bxc4+ Kh8 26. Qd3
Qxc3+ $17) 23. Nxe6 $1 Bxh5 24. Nxg7 Bg6 (24... Kxg7 25. gxh5 (25. Qh6+ Kg8 26.
gxh5 Rxf2 $6 27. Qe6+ $1) 25... Rxf2 26. Qh6+ (26. Bf3 $1 Rxd2 27. Bxe4 Rxd4
28. h6+ Kf6 29. Bxh7 $18) 26... Kg8 27. Bg4 Nxd4 $19) 25. Nf5 (25. Ne6 Re8 26.
Nf4 Ng5 27. Qg3 Ne4 $10) 25... Qc7 (25... Bxf5 $5 26. gxf5 Kh8 (26... Rxf5 27.
f3) 27. f3 Ng3 28. Qg5 $1 Nxf5 29. Kf2) 26. O-O-O $1 Qa5 27. Kb2 Rf6 28. Bf3 $1
Ne5 $6 (28... Nd8 $5 29. Bxe4 dxe4 30. Qxe4 Rb6+ 31. Ka2 Qb5 32. Qd5+ Qxd5 33.
Ne7+ Kg7 34. Nxd5 Bxc2 $1) 29. Bxe4 $1 dxe4 (29... Rb6+ 30. Ka2 Qb5 31. Bxd5+
Kf8 (31... Qxd5 32. Ne7+) 32. Qh6+ Ke8 33. Bc6+ $1 Rxc6 (33... bxc6 34. Nd6+)
34. Rb1 Qa4 35. Ng7+ Kd7 36. dxe5) 30. dxe5 Rb6+ 31. Ka2 Qb5 32. Qxb6 $1 axb6 (
32... Qxb6 $5 33. Be3 Qe6 34. Rd8+ Kf7 35. Nh6+ Kg7 36. Bg5 $1 a6 (36... Be8
37. Nf5+ Kg6 38. Bf6) (36... e3 37. f4 $1 e2 38. f5 $18) 37. Rb8 (37. Ka1 $2 e3
38. f4 $2 e2) (37. Kb2 $2 Qb6+) 37... Qd5 38. Rc8 Qe6 39. Rd8 $1) 33. Bf4 Qa4 (
33... Qe8 34. Rd6) (33... Bxf5 34. gxf5 $18) 34. Rd8+ Kf7 35. Nd4 $1 e3 36. e6+
Kf6 37. fxe3 Bxc2 38. Rf8+ Ke7 39. Rf7+ Kd8 40. Bd6 $1 Bb1+ 41. Kb2 (41. Kxb1
Qd1+ 42. Kb2 Qd2+ 43. Nc2 Qxd6 44. Rd7+) (41. Kb2 Bg6 42. Rxb7) 1-0

[Event "Hoogovens"]
[Site "Wijk aan Zee"]
[Date "1985.01.27"]
[Round "8"]
[White "Spraggett, Kevin"]
[Black "Beliavsky, Alexander G"]
[Result "0-1"]
[WhiteElo "2560"]
[BlackElo "2635"]
[Annotator "ChessBase"]
[PlyCount "74"]
[EventDate "1985.01.18"]
[EventType "tourn"]
[EventRounds "13"]
[EventCountry "NED"]
[EventCategory "13"]
[SourceTitle "MCL"]
[Source "ChessBase"]
[SourceDate "1999.07.01"]
[SourceVersion "1"]
[SourceVersionDate "1999.07.01"]
[SourceQuality "1"]

1. e4 e6 2. d4 d5 3. Nc3 Bb4 4. e5 Ne7 5. a3 Bxc3+ 6. bxc3 c5 7. Qg4 Qc7 8.
Qxg7 Rg8 9. Qxh7 cxd4 10. Ne2 Nbc6 11. f4 Bd7 12. Qd3 dxc3 13. Qxc3 O-O-O 14.
Rb1 d4 $1 15. Qc5 (15. Qd3 Nd5 $13 {(Schiller 87)}) 15... b6 16. Qc4 Kb8 17.
Bd2 Bc8 18. Ng3 Bb7 19. Bd3 Nd5 20. O-O Qe7 21. Be4 Qh4 22. Rf3 Rg4 23. Bxd5
Rxd5 24. Qd3 Rd8 25. Be1 Rdg8 26. a4 Rxf4 27. Rxf4 Qxf4 28. Bd2 Qh4 29. Re1 Ne7
30. Re2 Rh8 31. Nf1 Nf5 32. a5 bxa5 33. Bxa5 Qg4 34. Be1 Rg8 35. Bg3 Ka8 36.
Re1 Rc8 37. Qe2 Qg6 {i39/375(Beliavsky)} 0-1

[Event "Lloyds Bank op 08th"]
[Site "London"]
[Date "1984.??.??"]
[Round "3"]
[White "Nunn, John DM"]
[Black "Reefschlaeger, Helmut"]
[Result "1-0"]
[WhiteElo "2600"]
[BlackElo "2405"]
[Annotator "ChessBase"]
[PlyCount "65"]
[EventDate "1984.08.??"]
[EventType "swiss"]
[EventRounds "9"]
[EventCountry "ENG"]
[SourceTitle "MCL"]
[Source "ChessBase"]
[SourceDate "1999.07.01"]
[SourceVersion "1"]
[SourceVersionDate "1999.07.01"]
[SourceQuality "1"]

1. e4 e6 2. d4 d5 3. Nc3 Bb4 4. e5 c5 5. a3 Ba5 $5 6. b4 $1 cxd4 (6... cxb4 7.
Nb5 f5 $1 8. axb4 (8. Nd6+ Kf8 9. Bd2 bxa3 10. Rxa3 Bxd2+ 11. Qxd2 Nh6 $1) 8...
Bxb4+ 9. c3 Be7 10. Ba3 Bxa3 11. Rxa3 Nc6 12. Nd6+) 7. Qg4 Ne7 8. Nb5 Bc7 9.
Qxg7 Rg8 10. Qxh7 a6 11. Nxc7+ Qxc7 12. Bb2 $6 (12. Ne2 Bd7 $1 13. f4 Nbc6 (
13... a5 $6 14. bxa5 $1 Qxa5+ 15. Bd2 Qb6 16. Ng3 Nbc6 17. Nh5 O-O-O 18. Nf6
Rh8 19. Qd3 Nf5 20. Be2 $1) 14. Bb2 O-O-O 15. Qd3) 12... Nbc6 13. f4 Bd7 14.
Nf3 O-O-O 15. Qd3 Nf5 16. O-O-O f6 (16... Ne3 17. Rd2 Nxb4 18. axb4 Bb5 19.
Qxd4 $1 Nxf1 20. Rf2 $16) 17. Nxd4 Ncxd4 18. Bxd4 Bb5 19. Qd2 Bxf1 20. Rhxf1
Nxd4 21. Qxd4 Rxg2 22. Rd2 Rxd2 23. Kxd2 f5 (23... fxe5 24. Qxe5 Qc6 25. h4 Rg8
26. Rf2) 24. Rg1 Kb8 25. Rg3 $1 Qh7 26. h3 Rc8 27. Rc3 Rxc3 28. Qxc3 Qg6 29.
Qe3 Qg2+ 30. Kc3 Qf1 31. Kb2 a5 32. bxa5 Qb5+ 33. Qb3 $1 (33. Qb3 Qxa5 34. Qb4
Qa7 35. Qd6+) 1-0

[Event "Hastings 8899"]
[Site "Hastings"]
[Date "1988.??.??"]
[Round "?"]
[White "Short, Nigel D"]
[Black "Kosten, Anthony C"]
[Result "1-0"]
[WhiteElo "2665"]
[BlackElo "2515"]
[Annotator "ChessBase"]
[PlyCount "85"]
[EventDate "1988.12.??"]
[EventType "tourn"]
[EventRounds "14"]
[EventCountry "ENG"]
[EventCategory "14"]
[SourceTitle "CBM 011"]
[Source "ChessBase"]
[SourceDate "1989.08.01"]
[SourceVersion "1"]
[SourceVersionDate "1989.08.01"]
[SourceQuality "1"]

1. e4 e6 2. d4 d5 3. Nc3 Bb4 4. e5 c5 5. a3 Bxc3+ 6. bxc3 Ne7 7. Qg4 Qc7 8.
Qxg7 Rg8 9. Qxh7 cxd4 10. Ne2 Nbc6 11. f4 Bd7 12. Qd3 dxc3 13. Qxc3 Rc8 $6 (
13... Nf5 $5 14. Rb1 O-O-O 15. Rg1 d4 (15... f6 16. g4 Nh6 17. exf6 Rxg4 18.
Rxg4 Nxg4 19. f7 $16) 16. Qd3 Na5 17. g4 Ba4 $1 18. c3 Bc2 $3 19. Qxc2 d3 20.
Qa2 Qc5 21. Rg2 Ne3 $1 $19) 14. Rb1 Nf5 15. Bd2 a6 $6 {! Zaitsev,I/Karpov in
Inf.45/340: 16.g3 b5 17.Bh3 Qb6! ->Tal,M-Farago,I/Wijk/ 1987/remis/} (15... b6
$6 16. g3 $1 Qb7 17. Qd3 Nce7 18. Rg1 {/\ g4 Karpov,An-Farago,I/Wijk/1987/1-0/}
) 16. Rg1 $1 $16 (16. g3 b5 17. Bh3 Qb6 $1 18. Qd3 (18. Bxf5 d4 $1 19. Qd3 exf5
$13) 18... Nce7 19. g4 Nh4 20. Rf1 Rc4 $1 21. Rb4 Rh8 $1 22. Ng3 Nc6 23. Rb2
Qd4 $1 24. Qxd4 Nxd4 25. Kd1 Nhf3 26. Nh5 Nxd2 27. Kxd2 Ra4 28. Ra1 Ke7 29. c3
{remis/ Tal,M-Farago,I/Wijk1987/}) 16... b5 17. g4 Nh4 18. Rg3 Qb6 19. Qd3 Rh8
20. Rh3 Ne7 21. Nd4 Rc4 22. c3 Ra4 23. Qg3 Nhg6 24. Rxh8+ Nxh8 25. Bd3 Nhg6 26.
h4 Rxa3 27. h5 $18 Nf8 28. h6 Neg6 29. f5 Ne7 30. Qh2 exf5 31. h7 Neg6 32. gxf5
Nh8 33. Qh5 Qc7 34. Kf1 Rxc3 35. e6 Rxd3 36. exf7+ Kd8 37. Qg5+ Kc8 38. Rc1
Rxd4 39. Rxc7+ Kxc7 40. Ba5+ Kb7 41. Qd8 Rf4+ 42. Kg1 Rg4+ 43. Kh2 1-0